Регионална библиотека "Любен Каравелов" - Русе

Ръката на Часовникаря (Запис номер 502818)

MARC детайли
000 -Лидер
Контролно поле с фиксирана дължина 01031aam a2200277 a 4500
003 - Код на организацията, давaща контролен номер
Контролно поле BLK
005 - Дата и час на последна редакция
Контролно поле 20250724104741.0
008 - Елементи от данни с фиксирана дължина
fixed length control field 180718b bul||||| |||| 00| 0 bul d
020 ## - Международен стандартен номер на книга ISBN
Международен стандартен номер на книга ISBN 9789543897636
040 ## - Източник на каталожния запис
Идентификатор на билиотеката - собственик на записа BLK
041 ## - Код за език
Код за езика на текст/звукозапис или на отделно заглавие Български
Код за езика КДБФ Български
080 ## - УДК
Текстов определител УДК Американска литература (на САЩ)
УДК код - определител по УДК 821.111(73)
УДК - код + определител 821.111(73)-312.4
УДК определител -312.4
100 ## - Редна дума - Автор
Автор Дивър, Джефри Уилдс
Авторска отговорност първи автор
R(LIN) 257300
139 ## - Редно поле
Редна дума Дивър, Джефри Уилдс
Авторски знак Ди - Д 53
245 ## - Сведения за заглавието
Заглавие Ръката на Часовникаря
Редно поле (дума) Джефри Дивър; прев. от англ. Мариана Христова
257 ## - Страна на издаване
Страна на създаване/издаване Съединени американски щати
260 ## - Област на издателските данни
Име на издателя, разпространителя и проч. Ера
Година на издаване 2023
Място на издаване, разпространение и проч. София
300 ## - Физическа характеристика
Страници 368 с.
Размери/Мащаб 20 см
380 ## - Жанр
Жанр Худож. лит.
490 ## - СЕРИИ (Колекции)
9 (RLIN) 201572
Име на серия Ератрилър
700 ## - Други автори (авторска отговорност)
Лично име Христова, Мариана Тошкова
Дати, свързани с автора 1981-
9 (RLIN) 381272
942 ## - АРТИКУЛИ
Вид на библиотечния материал Книги
Източник на класификационната схема Universal Decimal Classification
Скрит в OPAC Не
Koha issues (borrowed), all copies 149
Периодичен библиозапис Да
999 ## - СИСТЕМНИ КОНТРОЛНИ НОМЕРА
Koha biblionumber 502818
Koha biblioitemnumber 502818
999 ## - СИСТЕМНИ КОНТРОЛНИ НОМЕРА
Koha biblioitemnumber 442265
999 ## - СИСТЕМНИ КОНТРОЛНИ НОМЕРА
Koha biblioitemnumber 442265
944 ## - СЪЗДАВАНЕ И РЕДАКЦИЯ на ЗАПИСА
Създаване/Редакция
Дата на регистрацията/редакция Нора Радева
Служител, извършил регистрацията/редакцията 30531
Статус, дата на статуса Цветелина Шанова
Наличности
Код за отписване Код за изгубен артикул Източник на класификационната схема Код за повреда Код за отдаване Артикулен № Име на библиотеката - собственик Име на библиотеката, в която се намира в момента Статус (Текущо местоположение) Дата на вписване в системата Местоположение - отдел Цена в лева Инвентарен номер Систематично азбучна сигнатура Баркод Цена в евро Служебен тип на артикула Коз за рестрикции
  Не е изгубен Universal Decimal Classification Не е повреден заемане за дома 939962 Регионална библиотека "Любен Каравелов" Русе Регионална библиотека "Любен Каравелов" Русе Заемна - подръчен фонд 2024-02-07 Заемна - подръчен фонд 13.99 120000898990 821-31/Д 53 Д 120000898990 7.15 Книги  
  Не е изгубен Universal Decimal Classification Не е повреден заемане за дома 939963 Регионална библиотека "Любен Каравелов" Русе Регионална библиотека "Любен Каравелов" Русе Заемна - подръчен фонд 2024-02-07 Заемна - подръчен фонд 13.99 120000898991 821-31/Д 53 Д 120000898991 7.15 Книги  
  Не е изгубен Universal Decimal Classification Не е повреден ползва се в читалня 943613 Регионална библиотека "Любен Каравелов" Русе Регионална библиотека "Любен Каравелов" Русе Хранилище 2024-06-07 Хранилище 19.99 120000908723 Цб 322965 120000908723 10.22 Книги само за читалня
Vip Innovations Ltd, Rousse, Bulgaria 2025